| Tag |
First Indicator |
Second Indicator |
Subfields |
| LEADER |
00000cam a2200000 4500 |
| 001 |
in00000026457 |
| 005 |
20151007062529.0 |
| 008 |
790711s1895 iluc 00010 eng d |
| 035 |
|
|
|a (OCoLC)05160396
|
| 035 |
|
|
|9 AAD5136AM
|
| 040 |
|
|
|a CLE
|c CLE
|d TXA
|d UtOrBLW
|
| 049 |
|
|
|a TXAM
|c [200170]
|
| 090 |
|
|
|a PR2603
|b .G76 1895
|
| 092 |
|
|
|a 821
|b J81b
|
| 100 |
1 |
|
|a Jonson, Ben,
|d 1573?-1637.
|
| 245 |
1 |
0 |
|a 'Brave translunary things from the works in prose and verse of Ben Jonson /
|c selected by Alexander B. Grosart.
|
| 264 |
|
1 |
|a Chicago :
|b McClurg,
|c [1895?]
|
| 300 |
|
|
|a xvi, 232 pages :
|b portrait
|
| 336 |
|
|
|a text
|b txt
|2 rdacontent
|
| 337 |
|
|
|a unmediated
|b n
|2 rdamedia
|
| 338 |
|
|
|a volume
|b nc
|2 rdacarrier
|
| 490 |
0 |
|
|a The Elizabethan library
|
| 700 |
1 |
|
|a Grosart, Alexander Balloch,
|d 1827-1899.
|
| 999 |
|
|
|a MARS
|
| 999 |
f |
f |
|s 58012bd4-349a-35a6-b49f-e125472ef977
|i 14233992-d92d-3c21-82e7-4e1610afd36a
|t 0
|
| 952 |
f |
f |
|p ric
|a Texas A&M University
|b Rellis Campus
|c Joint Library Facility
|d Remote Storage
|t 0
|e PR2603 .G76 1895
|h Library of Congress classification
|i unmediated -- volume
|m A14801281151
|
| 998 |
f |
f |
|a PR2603 .G76 1895
|t 0
|l Remote Storage
|